|
|
|
|
| LEADER |
00000nab a2200000 a 4500 |
| 001 |
vtls000661003 |
| 003 |
SK-MaSNL |
| 005 |
20260304095247.0 |
| 008 |
250425c1998 xo 0 slo |
| 015 |
|
|
|a SNBRB1998/05-12436
|
| 035 |
|
|
|a CLN000013193
|
| 035 |
|
|
|a urn:nbn:sk:snk-abi0j
|
| 035 |
|
|
|a (urnnbn)urn:nbn:sk:snk:ar-0036at
|
| 035 |
|
|
|a (uuid)dcce9d40-ee26-4eb3-940f-0a8c3522d3f5
|
| 040 |
|
|
|a SNKBUCL
|b slo
|c SNKBUCL
|e AACR2
|
| 041 |
0 |
|
|a cze
|
| 044 |
|
|
|a xo
|c SK
|
| 080 |
|
|
|a 613.291
|2 1997
|
| 100 |
1 |
|
|a Leifertová, Irena,
|d 1928-1999
|4 aut
|9 9187
|
| 245 |
1 |
0 |
|a Význam koření
|c Irena Leifertová
|
| 300 |
|
|
|b Obr.
|
| 650 |
0 |
7 |
|a korenie
|2 snkbucl
|9 4172
|
| 655 |
|
7 |
|a články z novín a časopisov
|2 snkbucl
|9 267496
|
| 773 |
0 |
|
|t Liečivé rastliny
|g Roč. 35, č. 2 (1998), s. 57-58
|x 0323-2646
|
| 850 |
|
|
|a Slovenská národná knižnica
|
| 852 |
|
|
|a Slovenská národná knižnica
|
| 954 |
|
|
|a odborná, vedecká literatúra cudzojazyčná (svetová)
|2 lita
|
| 958 |
|
|
|a article2022
|
| 958 |
|
|
|a OND
|
| 958 |
|
|
|a EUIPO
|
| 992 |
|
|
|a RBX
|
| 999 |
|
|
|c 2831686
|d 2833616
|